Score 0/25 Timer 07:00
0 Plays Today
% Correct
Arbitration
75.6%
Limitation period
74.8%
Adverse possession
67.2%
Burden of proof
66.4%
Indictment
62.6%
Administratrix
61.8%
Precedent
61.1%
Actus reus
55%
Deposition
54.2%
Misfeasance
51.1%
Misrepresentation
51.1%
Novus actus interveniens
48.9%
Disponee
48.9%
% Correct
Tortfeasor
43.5%
Writ
42.7%
Covenant
42.7%
Primacy
40.5%
Obiter dictum
37.4%
Inter alia
35.1%
Promissory estoppel
32.8%
Defalcation
32.8%
Per curiam
29%
Decree nisi
24.4%
Jus cogens
23.7%
Postal rule
22.9%
Remove Ads.
Support Sporcle.
Get the best of Sporcle when you Go Orange. This ad-free experience offers more features, more stats, and more fun while also helping to support Sporcle. Thank you for becoming a member.

You're not logged in!

Compare scores with friends on all Sporcle quizzes.
OR
Log In

Show Comments

Extras

Top Quizzes Today


Score Distribution

Your Account Isn't Verified!

In order to create a playlist on Sporcle, you need to verify the email address you used during registration. Go to your Sporcle Settings to finish the process.

Report this User

Report this user for behavior that violates our Community Guidelines.

Details: